Schnelle Mathematik - Multiplikation zur Basis 3 Level 02 - Statistiken

Allgemein
  • Dieses Quiz wurde 74 mal gespielt
  • Das Durchschnittsergebnis liegt bei 19 aus 20
Antwortstatistiken
Frage Antwort % Korrekt
0⋅10 0
100%
0⋅11 0
100%
1⋅0 0
100%
11⋅0 0
100%
2⋅11 22
100%
11⋅2 22
100%
1⋅10 10
96%
10⋅10 100
96%
1⋅11 11
96%
0⋅1 0
95%
0⋅2 0
95%
2⋅0 0
95%
10⋅0 0
95%
1⋅1 1
95%
10⋅1 10
95%
11⋅1 11
95%
10⋅11 110
95%
11⋅10 110
95%
1⋅2 2
95%
2⋅1 2
95%
2⋅10 20
95%
10⋅2 20
95%
0⋅0 0
94%
11⋅11 121
91%
2⋅2 11
55%
Keine übereinstimmenden Quizze gefunden
Verteilung der Resultate
Anzahl Personen mit jedem Resultat
Perzentil nach korrekt beantworteten Fragen
Ihre Resultats-Entwicklung
Sie haben dieses Quiz noch nicht gespielt